| 000 | 00681nam a22002057a 4500 | ||
|---|---|---|---|
| 005 | 20100812125529.0 | ||
| 010 | _aENG-99739 | ||
| 020 |
_c70.00 _a9789350011805 |
||
| 035 | _aEN-83271 | ||
| 037 | _bDBAD/PUB | ||
| 082 | _a515.2433 | ||
| 100 |
_aSri Devi, S. _911694 |
||
| 245 |
_aFourier series / _cby S.Sri Devi |
||
| 260 |
_aPerambulur _bMercury Printers & Publishers _c2009 |
||
| 270 |
_bPerambulur _e621212 |
||
| 300 |
_a88p. _c21cm (pbk) |
||
| 650 |
_afourier series _911695 |
||
| 942 |
_2ddc _cEN _h515.2433 _mSRI |
||
| 999 |
_c41322 _d41322 |
||